Obálka Náhled e-knihy:
PDF Epub
Pro půjčování e-knih musíte být přihlášeni.
Jak si půjčit online?

Bez milosti /

Nechci mu ublížit – jen ho potrestat.Už tak je dost špatné být jedinou ženou, která spoluvlastní Klub zhýralců, ale navíc jsem jediná bez úchylky.Aspoň jsem si to myslela. Představte si moje překvapení, když mi „úchylkový kvíz“ prozradil, že možná přece jen nejsem tak docela „normální“.Ve skutečnost...

Celý popis

Uloženo v:
Série:Klub zhýralců, část 4
Hlavní autor: Cate, Sara (Autor)
Médium: E-kniha
Jazyk:Czech
Vydáno: Praha : DOBROVSKÝ s.r.o., 2026
Příbuzné jednotky:Z cyklu:: Klub zhýralců
Tagy:
Žádné tagy
LEADER 02157nam a22002417i 4500
001 302979
007 ta
008 260516s2026 xr ||||| |||| 00| 0 cze d
020 |a 9788027743377 
044 |a xr 
100 1 |a  Cate, Sara  |4 aut 
245 1 0 |a Bez milosti /  |c  Cate, Sara 
264 1 |a Praha :  |b DOBROVSKÝ s.r.o.,  |c 2026 
300 |a 1 online zdroj (352 stran) 
336 |a text  |b txt  |2 rdacontent 
337 |a bez média  |b n  |2 rdamedia 
338 |a online zdroj  |b cr  |2 rdacarrier 
520 2 |a Nechci mu ublížit – jen ho potrestat.Už tak je dost špatné být jedinou ženou, která spoluvlastní Klub zhýralců, ale navíc jsem jediná bez úchylky.Aspoň jsem si to myslela. Představte si moje překvapení, když mi „úchylkový kvíz“ prozradil, že možná přece jen nejsem tak docela „normální“.Ve skutečnosti se totiž Emersonu Grantovi podobám mnohem víc, než jsem si myslela.Je tu jen jeden problém – nemám ponětí, jak se stát něčí dominou. Nebo aspoň do chvíle, kdy mě aplikace spojí s někým, kdo mě to chce naučit.Je pro mě moc mladý. Moc tvrdohlavý a moc hezký. A abych nezapomněla – je to syn mého kamaráda.Beau Grant je spratek – což by mi vadilo, kdybych ho za to tak ráda netrestala.Za jeho nezřízeným chováním se ale skrývá muž, který je nepochopený, nesobecký a jen potřebuje usměrnit.Pokud ovšem chce, abych se nad ním smilovala, musí si to zasloužit.Existuje totiž milion důvodů, proč bych se od něj měla držet dál, ale už mě nebaví dělat jen to, co bych měla.Konečně vím, po čem toužím, a jsem připravená si vzít, co mi patří. 
787 0 8 |g 4  |i Z cyklu:  |t Klub zhýralců 
910 |a RBIT002 
998 |d 427059  |a https://core.palmknihy.cz/api/books/427059/cover?tf2dwu  |b https://core.palmknihy.cz/api/books/427059/cover/400?tf2dwu  |c https://core.palmknihy.cz/api/books/427059/cover/50?tf2dwu  |e 2030-02-09  |g 352  |i 9788027743377  |j https://core.palmknihy.cz/api/books/427059/preview.epub  |k https://core.palmknihy.cz/api/books/427059/preview.pdf  |l   |q 49  |r 1  |s https://www.palmknihy.cz/kniha/427059  |t ebook  |y 2026  |z 1  |v Klub zhýralců  |w 4 
999 |d 302977